Zeolity a ich využitie pri ochrane životného prostredia

Bibliographic Details
Main Author: Pandová, Iveta, 1961- (Author)
Format: Book
Language:Slovak
PhysicalDescription:93 s. grafy, tab., fareb. fotogr. 24 cm
Published: Košice Technická univerzita 2011
ISBN:9788055306346
Edition:1. vyd.
Subjects:

MARC

LEADER 00000nam a22000005a 4500
001 vtls010312810
003 SK-MaSNL
005 20260301132101.0
008 240318s2011 xo dol f 000 0 slo
015 |a SNBA2011/03-01646 
020 |a 9788055306346  |q (brož.) 
035 |a 679CE7E3-6340-4A03-987E-1B4164BF2F43 
035 |a urn:nbn:sk:snk-amjioh 
035 |a urn:nbn:sk:snk-am001zg9 
040 |a SNK  |b slo  |c SNK  |e AACR2 
041 0 |a slo 
044 |a xo  |c SK 
072 7 |a 549  |x Mineralógia  |2 konspekt 
072 7 |a 502  |x Životné prostredie a jeho ochrana  |2 konspekt 
080 |a 549.67  |2 2001 
080 |a 502.17  |2 2001 
080 |a (048.8)  |2 2001 
100 1 |a Pandová, Iveta,  |d 1961-  |4 aut  |9 194889 
245 1 0 |a Zeolity a ich využitie pri ochrane životného prostredia  |c Iveta Pandová 
250 |a 1. vyd. 
260 |a Košice  |b Technická univerzita  |c 2011 
300 |a 93 s.  |b grafy, tab., fareb. fotogr.  |c 24 cm 
366 |e 450 výt. 
504 |a Bibliogr. s. 89-92 
650 0 7 |a zeolity  |2 SNKPH  |9 15712 
650 0 7 |a ochrana životného prostredia  |2 SNKPH  |9 3352 
650 0 7 |a Environmental protection  |2 SNKPHeng  |9 265610 
650 0 7 |a Zeolites  |2 SNKPHeng  |9 50669 
655 7 |a monografie  |2 SNKPH  |9 70139 
655 7 |a Monographs  |2 SNKPHeng  |9 120675 
919 |a 978-80-553-0634-6 
958 |a NB 
958 |a OND 
968 |d 53+54 
999 |c 750013  |d 751943 
952 |a SNK  |b SNK  |y PREZ  |7 0  |p 17A0718328  |o snkSC 146822  |i snk2011/19676  |8 0  |0 0  |1 0  |4 0  |d 2011-09-22  |l 0  |r 2025-07-15 00:00:00  |w 2026-02-23 
952 |a SNK  |b SNK  |y VYP  |7 0  |p 17A0718329  |o snkSC 146822 D1  |i snk2011/19677  |8 0  |0 0  |1 0  |4 0  |d 2011-09-22  |f 1  |l 0  |r 2026-02-23 23:28:56  |w 2026-02-23